000 00723nam a2200217 a 4500
005 20220816063855.0
008 010614s1990 r 000 0 eng d
020 _a842066698X
035 _aUPN01000108289
049 _aCG
050 4 _aBF455
_bL4.2
245 0 0 _aLecturas de psicolingüística /
_ccomp. Francisco Valle ... [et al.].
260 _aMadrid :
_bAlianza,
_c1990.
300 _av.
440 0 _aAlianza psicología ;
_v33, 34
500 _aLa biblioteca tiene los volúmenes 1 y 2
505 8 _aContenido:
_gv.1.
_tComprensión y producción del lenguaje. --
_gv.2.
_tNeuropsicología cognitiva del lenguaje
650 7 _aPsicolingüística
_2
_9109
700 1 _aValle, Francisco,
_ecoaut.
905 _aLibro
999 _c82201
_d82201